Discrete mathematics and its applications

保存先:
書誌詳細
第一著者: Rosen, Kenneth H.
フォーマット: 図書
出版事項: MGH
タグ: タグ追加
タグなし, このレコードへの初めてのタグを付けませんか!

MARC

LEADER 00000nam a2200000Ia 4500
005 20260515061614.0
100 |a Rosen, Kenneth H. 
020 |a 9789390727353 
942 |c BK 
245 |a Discrete mathematics and its applications  
260 |b MGH 
999 |c 12  |d 12 
952 |0 0  |1 0  |4 0  |7 0  |a ABDN  |b ABDN  |d 2026-05-15  |l 0  |p 000001  |r 2026-05-15 06:16:14  |w 2026-05-15  |y BK